| 000 | 00979cam a2200289 a 4500 | ||
|---|---|---|---|
| 001 | 613539 | ||
| 003 | ARRUPE | ||
| 005 | 20150519181000.0 | ||
| 008 | 920428s1993 maua b 001 0 eng | ||
| 010 | _a 92000518 | ||
| 020 | _a0262082160 | ||
| 040 |
_aDLC _cDLC _dDLC |
||
| 050 | 0 | 0 |
_aQ175.3 _b.T48 1993 |
| 082 | 0 | 0 |
_a501 _220 |
| 245 | 0 | 0 |
_aWorld changes : _bThomas Kuhn and the nature of science / _cedited by Paul Horwich. |
| 260 |
_aCambridge, Mass. : _bMIT Press, _cc1993. |
||
| 300 |
_avi, 356 p. : _bill. ; _c24 cm. |
||
| 500 | _a"A Bradford book." | ||
| 504 | _aIncludes bibliographical references and index. | ||
| 600 | 1 | 0 |
_aKuhn, Thomas S. _93937 |
| 650 | 0 |
_aScience _xPhilosophy. _917888 |
|
| 650 | 0 |
_aScience _xHistory. _917889 |
|
| 700 | 1 |
_aHorwich, Paul. _917890 |
|
| 906 |
_a7 _bcbc _corignew _d1 _eocip _f19 _gy-gencatlg |
||
| 942 |
_2lcc _cMONOGRAPH |
||
| 999 |
_c122858 _d122858 |
||